Earth science : (Record no. 6717)

MARC details
000 -LEADER
fixed length control field 00759nam a22002057a 4500
003 - CONTROL NUMBER IDENTIFIER
control field OSt
005 - DATE AND TIME OF LATEST TRANSACTION
control field 20251202143920.0
008 - FIXED-LENGTH DATA ELEMENTS--GENERAL INFORMATION
fixed length control field 251202b |||||||| |||| 00| 0 eng d
020 ## - INTERNATIONAL STANDARD BOOK NUMBER
International Standard Book Number 9712339386
040 ## - CATALOGING SOURCE
Original cataloging agency DWC-Main Lib
Transcribing agency OC
082 ## - DEWEY DECIMAL CLASSIFICATION NUMBER
Edition number Revised edition
Classification number Fil. 550 B813 2005
100 ## - MAIN ENTRY--PERSONAL NAME
Personal name Braganza, M.C.
245 ## - TITLE STATEMENT
Title Earth science :
Remainder of title a textbook on earth science for the tertiary level
Statement of responsibility, etc. Braganza, Maria Chona S.
250 ## - EDITION STATEMENT
Edition statement Revised edition
260 ## - PUBLICATION, DISTRIBUTION, ETC.
Place of publication, distribution, etc. Manila, Philippines :
Name of publisher, distributor, etc. Rex Book Store,
Date of publication, distribution, etc. c2005.
300 ## - PHYSICAL DESCRIPTION
Extent xiv, 244 pages ;
Dimensions 25 cm.
504 ## - BIBLIOGRAPHY, ETC. NOTE
Bibliography, etc. note Includes appendix, bibliographical references and index.
650 ## - SUBJECT ADDED ENTRY--TOPICAL TERM
Source of heading or term Earth science.
942 ## - ADDED ENTRY ELEMENTS (KOHA)
Source of classification or shelving scheme Dewey Decimal Classification
Koha item type Book-Filipiniana
Edition Revised edition
Classification part Fil. 550 B813 2005
Call number prefix Fil.
Suppress in OPAC No
952 ## - LOCATION AND ITEM INFORMATION (KOHA)
--
952 ## - LOCATION AND ITEM INFORMATION (KOHA)
--
952 ## - LOCATION AND ITEM INFORMATION (KOHA)
--
Holdings
Withdrawn status Lost status Source of classification or shelving scheme Damaged status Not for loan Home library Current library Shelving location Date acquired Source of acquisition Cost, normal purchase price Total Checkouts Full call number Barcode Date last seen Copy number Price effective from Koha item type Uniform Resource Identifier
    Dewey Decimal Classification     College Library College Library Filipiniana 08/25/2005 School Fund 260.00   Fil. 550 B813 2005 CL42295 12/02/2025 c3 12/02/2025 BK-FIL
    Dewey Decimal Classification     College Library College Library Filipiniana 08/25/2005 School Fund 260.00   Fil. 550 B813 2005 CL42294 12/02/2025 c2 12/02/2025 BK-FIL
    Dewey Decimal Classification     College Library College Library Filipiniana 08/25/2005 School Fund 260.00   Fil. 550 B813 2005 CL42293 12/02/2025 c1 12/02/2025 BK-FIL